000 00456nam a2200193Ia 4500
005 20240823012315.0
008 240823s9999||||xx |||||||||||||| ||und||
020 _a81-261-1348-0
041 _aENGLISH
082 _A658.152 P3
100 _aBhalla V K
245 0 _aWorking Capital management
250 _a5th
260 _c2003
_b"Anmol,New Delhi"
500 _aYES
650 _aManagement
_bManagement Studies
942 _cBK
999 _c164027
_d164027